000 00662nam a2200241Ia 4500
001 26260
005 20240114000917.0
007 ta
008 060505s 193 a g b000 u 465 u
040 _aCotton College,Assam
041 _a465
082 _a823.1
_bM 451 B
100 _aMaxwell, Arthur S..
245 0 _aBedtime Stories (Second Series) /
_cArthur S. Maxwell.
_hTextual Documents
250 _a1st ed. /
260 _aWashington :
_bReview & Herald Pub. Association ,
_cC 1931.
300 _a96p. :
_bill ;
_c21cm .
653 _aEnglish fiction
653 _aG-English
942 _2ddc
_cBK
999 _c26242
_d26242